000 00925cam a2200241 4500
001 ABS64098
008 000000n2001 000 0 eng u
035 _a(Sirsi) u113531
245 _aContracts league: May
260 _c2001
490 _aConstruction News
_v(6721) 21 June 2001, 13(1)
520 _aMay 2001 edition of the monthly top 40 contractors. Bovis Lend Lease were the most successful construction company gaining £213m in contracts during the month. Includes monthly top 20 clients and rolling 12-month top 40 contractors, top 20 clients, top 15 architects, top 15 consulting engineers and top 15 quantity surveyors.
590 _aABS
650 _aARCHITECTS
650 _aCLIENTS
650 _aCONSULTING ENGINEERS
650 _aCONTRACTORS
650 _aENGINEERS
650 _aLEAGUE TABLES
650 _aQUANTITY SURVEYORS
690 _aBUILT ENVIRONMENT-CONSTRUCTION MARKET
942 _n0
999 _c67624
_d67624